1681 1921 1102 1796 1081 1183 1395 1213 1784 1315 1585 1850 1759 1233 1599 1656 1530 1304 1486 1603 1184 1653 1947 1994 1231 1589 1311 1572 1198 1125 1995 1076 1357 1156 1481 1410 1546 1246 1931 1221 1549 1978 1249 1931 1356 1244 1836 1875 1702 1035 1790 1849 1510 1828 1334 1602 1860 1743 1130 1556 1729 1837 1121 1758 1742 1006 1240 1868 1950 1190 1744 1166 1373 1712 1582 1990 1068 1876 1537 1012 1428 1810 1874 1418 1372 1106 1402 1720 1181 1278 1699 1074 1094 1958 1585 1911 1990 1681 1398 BCNSPRNW ULIB Ver.6.0+V

เปลี่ยนเป็นภาษาไทย

Change to English
 แสดงรายละเอียดบรรณานุกรม
  กลับหน้าหลัก

Brief Record : Get Marc (ISO 2709) : E-mail record : QR code < ปิดหน้าต่าง
LEADER : 00000nam 2200000uu 4500
001    13399126621
003     ULIB
008    020711s2561 th a 000 0 tha d
020    ^a9786164682757
060    ^aWV190^bก671ก
100    ^aกิตติ จันทรพัฒนา
245    ^aก้อนบริเวณลำคอ (NECK MASS)/^cกิตติ จันทรพัฒนา
260    สงขลา :^bสหมิตรพัฒนาการพิมพ์,^c2561
300    1925 หน้า;^b26 ซม.
650    คอ^xโรค
945    ^p420^l0^i004932
945    ^p420^l0^i004931
945    ^p420^l0^i004930
999    ^aประนอม เกษจรัล
รายการนี้ยังไม่มีแท็ก
คุณยังไม่ได้ล็อกอิน คุณสามารถมีกิจกรรมร่วมกับเว็บไซต์ได้ แต่ต้องล็อกอินก่อน ::
  ล็อกอิน

รายการสื่อสารสนเทศ

ลำดับที่ ประเภท เลขเรียก/บาร์โค้ด สถานที่ สถานะ
1. วิทยาศาสตร์การแพทย์ และสุขภาพ
วิทยาศาสตร์การแพทย์ และสุขภาพ
WV190 ก671ก ฉ.1 
  Barcode: 004930
ห้องสมุดวิทยาเขตสวรรค์ประชารักษ์
►หนังสือทั่วไป
ถูกยืม กำหนดส่งวันที่ 13 สิงหาคม 2566
  จอง
2. วิทยาศาสตร์การแพทย์ และสุขภาพ
วิทยาศาสตร์การแพทย์ และสุขภาพ
WV190 ก671ก ฉ.2 
  Barcode: 004931
ห้องสมุดวิทยาเขตสวรรค์ประชารักษ์
►หนังสือทั่วไป
บนชั้น
3. วิทยาศาสตร์การแพทย์ และสุขภาพ
วิทยาศาสตร์การแพทย์ และสุขภาพ
WV190 ก671ก ฉ.3 
  Barcode: 004932
ห้องสมุดวิทยาเขตสวรรค์ประชารักษ์
►หนังสือทั่วไป
บนชั้น

รายการใกล้เคียง
    ผู้แต่ง [กิตติ จันทรพัฒนา]

BibComment


ยังไม่เคยถูกคอมเมนท์

คอมเมนท์ทรัพยากรรายการนี้
  คอมเมนท์: ก้อนบริเวณลำคอ N..


 Copyright 2026. Bcnsprnw @Library